| 000 | 00503nam a2200193 a 4500 | ||
|---|---|---|---|
| 001 | 1771248325983 | ||
| 003 | YourLibrary | ||
| 005 | 20260216185647.0 | ||
| 008 | 260216s2005##################000#0#eng## | ||
| 020 | _a9783631534281 | ||
| 082 | 0 | 4 |
_a320.011 _bEKA |
| 100 | 1 |
_aEkanga, Basile, _eauthor. |
|
| 245 | 1 | 0 | _aSocial Justice and Democracy : |
| 260 |
_bPeter Lang Publishing, _c2005. |
||
| 300 | _a798 pages | ||
| 650 | 0 | _aHistory. | |
| 942 | _cENGLISH | ||
| 040 |
_aYourLibrary _beng _cYourLibrary |
||
| 999 |
_c612721 _d612721 |
||